[Event "Prague Mencik Memorial 6th"]
[Site "Prague"]
[Date "2023.09.24"]
[Round "7"]
[White "Paulus, Vaclav"]
[Black "Steiner, Juraj"]
[Result "1-0"]
[WhiteElo "2107"]
[BlackElo "1812"]
[PlyCount "51"]
[EventDate "2023.09.24"]
[EventType "swiss"]
[EventRounds "9"]
[EventCountry "CZE"]
[SourceTitle "EXT 2024"]
[Source "ChessBase"]
[SourceDate "2023.10.10"]
[SourceVersion "1"]
[SourceVersionDate "2023.10.10"]
[SourceQuality "1"]

1. e4 c6 2. Nf3 d5 3. d3 dxe4 4. dxe4 Qxd1+ 5. Kxd1 Bg4 6. Be2 Nd7 7. Nfd2 Bxe2+ 8. Kxe2 0-0-0 9. Nb3 e5 10. Be3 Kb8 11. N1d2 Bb4 12. c3 Bd6 13. a4 Ngf6 14. f3 Nb6 15. c4 Nc8 16. c5 Bc7 17. Nc4 b5 18. axb5 cxb5 19. Nca5 Ne7 20. Rhc1 Nh5 21. g3 h6 22. c6 f5 23. Nb7 Nxc6 24. Nxd8 Nxd8 25. Bxa7+ Kc8 26. Bb6 1-0

[Event "Usti nad Labem blitz op"]
[Site "Usti nad Labem"]
[Date "2023.05.07"]
[Round "5"]
[White "Cech, Jan1111"]
[Black "Paulus, Vaclav"]
[Result "0-1"]
[WhiteElo "1177"]
[BlackElo "2049"]
[PlyCount "56"]
[EventDate "2023.05.07"]
[EventType "swiss (blitz)"]
[EventRounds "15"]
[EventCountry "CZE"]
[SourceTitle "CBM 214 Extra"]
[Source "ChessBase"]
[SourceDate "2023.07.31"]
[SourceVersion "1"]
[SourceVersionDate "2023.07.31"]
[SourceQuality "1"]

1. e4 c5 2. c4 g6 3. Nc3 Bg7 4. d3 Nc6 5. Nf3 d6 6. Qc2 e6 7. Be3 Nge7 8. 0-0-0 Nd4 9. Bxd4 cxd4 10. Ne2 Nc6 11. a3 0-0 12. h4 Bd7 13. h5 Rb8 14. hxg6 fxg6 15. Qd2 b5 16. g4 Rxf3 17. Nf4 bxc4 18. dxc4 Qf6 19. Nd3 Ne5 20. g5 Qf8 21. Rh2 Nxc4 22. Qe2 Rxd3 23. Rxd3 Qf4+ 24. Kd1 Nxb2+ 25. Ke1 Nxd3+ 26. Qxd3 Qxh2 27. Qa6 Rb1+ 28. Ke2 Bb5+ 0-1

[Event "Usti nad Labem blitz op"]
[Site "Usti nad Labem"]
[Date "2023.05.07"]
[Round "9"]
[White "Licek, Prokop"]
[Black "Paulus, Vaclav"]
[Result "0-1"]
[WhiteElo "1574"]
[BlackElo "2049"]
[PlyCount "66"]
[EventDate "2023.05.07"]
[EventType "swiss (blitz)"]
[EventRounds "15"]
[EventCountry "CZE"]
[SourceTitle "CBM 214 Extra"]
[Source "ChessBase"]
[SourceDate "2023.07.31"]
[SourceVersion "1"]
[SourceVersionDate "2023.07.31"]
[SourceQuality "1"]

1. e4 c5 2. Nf3 Nc6 3. d4 cxd4 4. Nxd4 Nf6 5. Nc3 e5 6. Ndb5 d6 7. Bg5 a6 8. Na3 b5 9. Bxf6 gxf6 10. Nd5 Bg7 11. c3 f5 12. f3 fxe4 13. g3 Be6 14. fxe4 Ne7 15. Nxe7 Qxe7 16. Bg2 Qa7 17. Qe2 Bh6 18. Rd1 Rd8 19. Rf1 0-0 20. Bf3 f5 21. exf5 Bxf5 22. Bg4 Bxg4 23. Qxg4+ Kh8 24. Qe2 Rxf1+ 25. Qxf1 Qe3+ 26. Qe2 Qg1+ 27. Qf1 Qe3+ 28. Qe2 Qg5 29. Nc2 d5 30. Qf2 Rf8 31. Qe2 e4 32. Nd4 Qg6 33. Qe3 Bxe3 0-1

[Event "Usti nad Labem blitz op"]
[Site "Usti nad Labem"]
[Date "2023.05.07"]
[Round "6"]
[White "Paulus, Vaclav"]
[Black "Masek, Daniel"]
[Result "1-0"]
[WhiteElo "2049"]
[BlackElo "1728"]
[PlyCount "81"]
[EventDate "2023.05.07"]
[EventType "swiss (blitz)"]
[EventRounds "15"]
[EventCountry "CZE"]
[SourceTitle "CBM 214 Extra"]
[Source "ChessBase"]
[SourceDate "2023.07.31"]
[SourceVersion "1"]
[SourceVersionDate "2023.07.31"]
[SourceQuality "1"]

1. e4 c6 2. Nf3 d5 3. d3 Bg4 4. Nbd2 dxe4 5. dxe4 Nd7 6. h3 Bh5 7. c3 e5 8. Bc4 Ngf6 9. Qe2 Bd6 10. Nf1 0-0 11. g4 Bg6 12. Ng3 Nc5 13. Nd2 Qe7 14. 0-0 Rad8 15. a4 a6 16. Nf5 Qd7 17. f3 Bc7 18. a5 Ne6 19. Nb3 Bb8 20. Kh1 Ba7 21. h4 Bxf5 22. gxf5 Nf4 23. Bxf4 exf4 24. Rad1 Qe7 25. Qg2 Nh5 26. Qg4 Ng3+ 27. Kh2 Nxf1+ 28. Rxf1 Kh8 29. Kh3 Rd6 30. Qxf4 Rh6 31. Nd4 Bxd4 32. cxd4 Rd8 33. d5 cxd5 34. Bxd5 g6 35. Qxh6 gxf5 36. Qg5 Qd7 37. Qf6+ Kg8 38. Rg1+ Kf8 39. Bxf7 fxe4+ 40. Be6+ Ke8 41. Rg8# 1-0

[Event "Usti nad Labem blitz op"]
[Site "Usti nad Labem"]
[Date "2023.05.07"]
[Round "11"]
[White "Paulus, Vaclav"]
[Black "Vaclavik, Jan"]
[Result "0-1"]
[WhiteElo "2049"]
[BlackElo "2005"]
[PlyCount "64"]
[EventDate "2023.05.07"]
[EventType "swiss (blitz)"]
[EventRounds "15"]
[EventCountry "CZE"]
[SourceTitle "CBM 214 Extra"]
[Source "ChessBase"]
[SourceDate "2023.07.31"]
[SourceVersion "1"]
[SourceVersionDate "2023.07.31"]
[SourceQuality "1"]

1. e4 c5 2. Nf3 Nc6 3. g3 d6 4. Bg2 e5 5. c3 g6 6. d4 exd4 7. cxd4 cxd4 8. Nxd4 Bg7 9. Be3 Nge7 10. Nc3 0-0 11. 0-0 a6 12. Qd2 Ne5 13. b3 Re8 14. h3 Qa5 15. Rac1 N7c6 16. f4 Nd7 17. Kh2 Nf6 18. Nxc6 bxc6 19. Qxd6 Be6 20. e5 Nd5 21. Nxd5 cxd5 22. Rf2 Bf8 23. Qc7 Qa3 24. Bc5 Qxc1 25. b4 Rec8 26. Qb7 Rab8 27. Qxa6 Bxc5 28. bxc5 Qxc5 29. Rf1 Ra8 30. Qe2 Qc2 31. Qf3 Rc3 32. Qh5 gxh5 0-1

[Event "Usti nad Labem blitz op"]
[Site "Usti nad Labem"]
[Date "2023.05.07"]
[Round "3"]
[White "Rubes, Jan"]
[Black "Paulus, Vaclav"]
[Result "1-0"]
[WhiteElo "2435"]
[BlackElo "2049"]
[PlyCount "36"]
[EventDate "2023.05.07"]
[EventType "swiss (blitz)"]
[EventRounds "15"]
[EventCountry "CZE"]
[SourceTitle "CBM 214 Extra"]
[Source "ChessBase"]
[SourceDate "2023.07.31"]
[SourceVersion "1"]
[SourceVersionDate "2023.07.31"]
[SourceQuality "1"]

1. d4 Nf6 2. c4 c5 3. Nf3 g6 4. e3 Bg7 5. Be2 0-0 6. 0-0 cxd4 7. exd4 d5 8. h3 Nc6 9. Nc3 Bf5 10. Bg5 Be4 11. cxd5 Bxd5 12. Nxd5 Qxd5 13. Qa4 Rad8 14. Rfd1 Ne4 15. Be3 Nd6 16. Rac1 Rc8 17. Rc5 Qe4 18. Bd3 b5 1-0

[Event "Usti nad Labem blitz op"]
[Site "Usti nad Labem"]
[Date "2023.05.07"]
[Round "15"]
[White "Zemlicka, Vit"]
[Black "Paulus, Vaclav"]
[Result "0-1"]
[WhiteElo "1886"]
[BlackElo "2049"]
[PlyCount "46"]
[EventDate "2023.05.07"]
[EventType "swiss (blitz)"]
[EventRounds "15"]
[EventCountry "CZE"]
[SourceTitle "CBM 214 Extra"]
[Source "ChessBase"]
[SourceDate "2023.07.31"]
[SourceVersion "1"]
[SourceVersionDate "2023.07.31"]
[SourceQuality "1"]

1. e4 c5 2. Nf3 Nc6 3. d4 cxd4 4. Nxd4 Nf6 5. Nc3 e5 6. Ndb5 d6 7. Bg5 a6 8. Na3 b5 9. Nd5 Be7 10. Bxf6 Bxf6 11. c3 Rb8 12. Nc2 Bg5 13. a4 bxa4 14. Ncb4 Nxb4 15. Nxb4 Qc7 16. Qxa4+ Bd7 17. Qxa6 Rxb4 18. cxb4 Qc2 19. Qe2 Qb3 20. Ra8+ Ke7 21. Rxh8 Qxb4+ 22. Kd1 Ba4+ 23. Qc2 Qd4+ 0-1

[Event "Usti nad Labem rapid op"]
[Site "Usti nad Labem"]
[Date "2023.05.06"]
[Round "2"]
[White "Paulus, Vaclav"]
[Black "Vaclavik, Jan"]
[Result "0-1"]
[WhiteElo "2111"]
[BlackElo "1916"]
[PlyCount "102"]
[EventDate "2023.05.06"]
[EventType "swiss (rapid)"]
[EventRounds "7"]
[EventCountry "CZE"]
[SourceTitle "CBM 214 Extra"]
[Source "ChessBase"]
[SourceDate "2023.07.31"]
[SourceVersion "1"]
[SourceVersionDate "2023.07.31"]
[SourceQuality "1"]

1. d4 d5 2. Nf3 Nf6 3. c4 e6 4. g3 Bb4+ 5. Bd2 Be7 6. Bg2 0-0 7. 0-0 dxc4 8. Qa4 a6 9. Qxc4 b5 10. Qc2 Bb7 11. Bf4 Nc6 12. Rd1 Nb4 13. Qc1 Rc8 14. Nc3 Nbd5 15. Ne5 Bd6 16. Nxd5 Nxd5 17. e4 Nxf4 18. gxf4 Qh4 19. Rd3 c5 20. d5 c4 21. Rh3 Qe7 22. Qd1 f6 23. Rxh7 Kxh7 24. Qh5+ Kg8 25. Ng6 Qe8 26. e5 fxe5 27. fxe5 Rf5 28. Qh8+ Kf7 29. dxe6+ Kxg6 30. Qxe8+ Rxe8 31. exd6 Rxe6 32. Bxb7 Rg5+ 33. Kf1 Rxd6 34. Be4+ Kf6 35. a4 b4 36. Rc1 Rc5 37. Ke2 Re5 38. f3 Rc5 39. Ke3 g5 40. Rc2 Rd1 41. Rf2 Ra1 42. Kd4 Rc7 43. Rc2 Rd1+ 44. Ke3 Ke5 45. Rg2 Rg7 46. h4 g4 47. f4+ Kf6 48. h5 Re1+ 49. Re2 Rxe2+ 50. Kxe2 Re7 51. Ke3 g3 0-1

[Event "Liberec Region-chT 2223"]
[Site "Czech Republic"]
[Date "2022.12.11"]
[Round "5.1"]
[White "Paulus, Vaclav"]
[Black "Duda, Antonin"]
[Result "1-0"]
[WhiteElo "2161"]
[BlackElo "2060"]
[PlyCount "58"]
[EventDate "2022.10.09"]
[EventType "team-tourn"]
[EventRounds "11"]
[EventCountry "CZE"]
[SourceTitle "EXT 2024"]
[Source "ChessBase"]
[SourceDate "2023.10.10"]
[SourceVersion "1"]
[SourceVersionDate "2023.10.10"]
[SourceQuality "1"]

1. d4 d5 2. Nf3 Nf6 3. c4 e6 4. Nc3 dxc4 5. e3 a6 6. a4 c5 7. Bxc4 Nc6 8. 0-0 Be7 9. dxc5 0-0 10. Qe2 Bxc5 11. Rd1 Qc7 12. h3 b6 13. e4 Bb7 14. e5 Nd7 15. Bf4 Ne7 16. Bd3 Ng6 17. Bxg6 fxg6 18. Bg3 Nf6 19. b4 Nh5 20. bxc5 Nxg3 21. Qc4 Bxf3 22. gxf3 Rxf3 23. Qxe6+ Kh8 24. Qd6 Qxc5 25. Qxc5 bxc5 26. e6 Nf5 27. Ne4 Re8 28. Nxc5 a5 29. Rab1 Rc3 1-0

[Event "CZE-ch"]
[Site "Usti nad Labem"]
[Date "2022.05.22"]
[Round "9"]
[White "Krivanek, Vladimir"]
[Black "Paulus, Vaclav"]
[Result "0-1"]
[WhiteElo "2180"]
[BlackElo "2093"]
[PlyCount "74"]
[EventDate "2022.05.14"]
[EventType "swiss"]
[EventRounds "9"]
[EventCountry "CZE"]
[SourceTitle "CBM 208 Extra"]
[Source "ChessBase"]
[SourceDate "2022.07.31"]
[SourceVersion "1"]
[SourceVersionDate "2022.07.31"]
[SourceQuality "1"]

1. b3 b5 2. e3 Bb7 3. Nf3 a6 4. Bb2 e6 5. Be2 Nf6 6. 0-0 Be7 7. d4 d6 8. c4 bxc4 9. bxc4 Nbd7 10. Nc3 Rb8 11. Rb1 0-0 12. Qd3 e5 13. dxe5 Nxe5 14. Nxe5 dxe5 15. Qf5 Bd6 16. e4 g6 17. Qf3 Nxe4 18. Nxe4 f5 19. Qc3 Bxe4 20. c5 Be7 21. Qxe5 Bf6 22. Qe6+ Kg7 23. Rbd1 Qe8 24. Rd7+ Kh6 25. Bc1+ g5 26. Qxe8 Rfxe8 27. Bxa6 Ra8 28. Bc4 Ra5 29. f3 Bc6 30. Rxc7 Rxc5 31. Bb3 Bd4+ 32. Kh1 Re2 33. h4 Bxf3 34. Bxg5+ Kh5 35. Rxh7+ Kg4 36. Bd1 Bxg2+ 37. Kh2 Bxf1+ 0-1

[Event "CZE-chT 2122"]
[Site "Czech Republic"]
[Date "2022.04.10"]
[Round "15.7"]
[White "Paulus, Vaclav"]
[Black "Turner, Radek"]
[Result "1-0"]
[WhiteElo "2068"]
[BlackElo "2036"]
[PlyCount "87"]
[EventDate "2021.10.15"]
[EventType "team-tourn"]
[EventRounds "15"]
[EventCountry "CZE"]
[SourceTitle "EXT 2023"]
[Source "ChessBase"]
[SourceDate "2022.10.05"]
[SourceVersion "1"]
[SourceVersionDate "2022.10.05"]
[SourceQuality "1"]
[WhiteTeam "Novoborsky"]
[BlackTeam "Ingem Line"]
[WhiteTeamCountry "CZE"]
[BlackTeamCountry "CZE"]

1. e4 e6 2. d4 d5 3. e5 c5 4. c3 Nc6 5. Nf3 Bd7 6. Bd3 cxd4 7. 0-0 Nh6 8. cxd4 Nf5 9. Bxf5 exf5 10. Nc3 Be6 11. Bg5 Qb6 12. Na4 Qb5 13. h4 h6 14. Bf4 Be7 15. Rc1 Rg8 16. Nc3 Qb6 17. Qd2 g5 18. hxg5 hxg5 19. Bxg5 Nxd4 20. Nxd4 Bxg5 21. Qd3 Bxc1 22. Rxc1 Rc8 23. Ndb5 Rc6 24. Re1 a6 25. Nd6+ Rxd6 26. exd6 Qxd6 27. Qxf5 Kf8 28. Qh5 d4 29. Ne4 Qd5 30. Qh6+ Ke7 31. Qf6+ Kf8 32. Qh6+ Ke7 33. Qh4+ Kf8 34. Rc1 Qe5 35. Rc5 Qb8 36. Qh6+ Ke7 37. Qf6+ Kf8 38. Qxd4 Rg6 39. Qh8+ Rg8 40. Qh6+ Ke7 41. Qf6+ Ke8 42. Qd4 Ke7 43. Qb4 Kd8 44. Qb6+ 1-0

[Event "CZE-chT 2122"]
[Site "Czech Republic"]
[Date "2022.02.27"]
[Round "12.5"]
[White "Klima, Lukas"]
[Black "Paulus, Vaclav"]
[Result "1-0"]
[WhiteElo "2352"]
[BlackElo "2068"]
[PlyCount "59"]
[EventDate "2021.10.15"]
[EventType "team-tourn"]
[EventRounds "15"]
[EventCountry "CZE"]
[SourceTitle "EXT 2023"]
[Source "ChessBase"]
[SourceDate "2022.10.05"]
[SourceVersion "1"]
[SourceVersionDate "2022.10.05"]
[SourceQuality "1"]
[WhiteTeam "Poruba Slavoj"]
[BlackTeam "Novoborsky"]
[WhiteTeamCountry "CZE"]
[BlackTeamCountry "CZE"]

1. e4 c5 2. d4 cxd4 3. c3 dxc3 4. Nxc3 Nc6 5. Nf3 e6 6. Bc4 a6 7. 0-0 b5 8. Bb3 Na5 9. Bc2 Bb7 10. Qe2 Nf6 11. Bg5 Be7 12. e5 Nd5 13. Ne4 f6 14. exf6 Nxf6 15. Bxf6 gxf6 16. Ne5 fxe5 17. Qh5+ Kf8 18. f4 Qe8 19. Qh6+ Kg8 20. Rf3 exf4 21. Rxf4 Qg6 22. Nf6+ Qxf6 23. Rxf6 Bxf6 24. Qxf6 Rf8 25. Qg5+ Kf7 26. Bd1 Be4 27. Bh5+ Bg6 28. Bxg6+ hxg6 29. Rd1 Ke8 30. Qd2 1-0

[Event "CZE-chT 2122"]
[Site "Czech Republic"]
[Date "2021.11.07"]
[Round "4.1"]
[White "Kolar, Pavel"]
[Black "Paulus, Vaclav"]
[Result "0-1"]
[WhiteElo "2156"]
[BlackElo "2068"]
[PlyCount "68"]
[EventDate "2021.10.15"]
[EventType "team-tourn"]
[EventRounds "15"]
[EventCountry "CZE"]
[SourceTitle "EXT 2023"]
[Source "ChessBase"]
[SourceDate "2022.10.05"]
[SourceVersion "1"]
[SourceVersionDate "2022.10.05"]
[SourceQuality "1"]
[WhiteTeam "Lysa nad Labem"]
[BlackTeam "Novoborsky"]
[WhiteTeamCountry "CSR"]
[BlackTeamCountry "CZE"]

1. e4 c5 2. Nf3 Nc6 3. d4 cxd4 4. Nxd4 Nf6 5. Nc3 e5 6. Ndb5 d6 7. Nd5 Nxd5 8. exd5 Nb8 9. a4 Be7 10. Be2 0-0 11. 0-0 a6 12. Na3 Nd7 13. Nc4 f5 14. f4 a5 15. fxe5 Nxe5 16. Be3 Nxc4 17. Bxc4 Bf6 18. Bd4 Re8 19. Bxf6 Qxf6 20. Bb5 Re4 21. c3 b6 22. Qf3 Qe5 23. Qf2 Ra7 24. Rae1 Rf7 25. Rxe4 Qxe4 26. Bc6 f4 27. Re1 Qf5 28. Qxb6 h6 29. Qd8+ Kh7 30. Qxd6 f3 31. gxf3 Rf6 32. Re6 Bxe6 33. dxe6 Rxe6 34. Qd5 Qg6+ 0-1

[Event "CZE-chT 2122"]
[Site "Czech Republic"]
[Date "2021.10.16"]
[Round "1.6"]
[White "Mladek, Richard"]
[Black "Paulus, Vaclav"]
[Result "1-0"]
[WhiteElo "2365"]
[BlackElo "2068"]
[PlyCount "61"]
[EventDate "2021.10.15"]
[EventType "team-tourn"]
[EventRounds "15"]
[EventCountry "CZE"]
[SourceTitle "CBM 204 Extra"]
[Source "ChessBase"]
[SourceDate "2021.11.30"]
[SourceVersion "1"]
[SourceVersionDate "2021.11.30"]
[SourceQuality "1"]
[WhiteTeam "Kromeriz Slavia"]
[BlackTeam "Novoborsky"]
[WhiteTeamCountry "CZE"]
[BlackTeamCountry "CZE"]

1. d4 Nf6 2. c4 g6 3. g3 c5 4. Nf3 Bg7 5. Bg2 0-0 6. dxc5 Qa5+ 7. Bd2 Qxc5 8. Nc3 Qxc4 9. Rc1 d6 10. a4 Na6 11. Nb5 Qe6 12. 0-0 Ne8 13. Bc3 Qd7 14. Bxg7 Nxg7 15. Nfd4 Nc5 16. b4 Nce6 17. Nxe6 Nxe6 18. Qd2 a6 19. Nc3 Rb8 20. Nd5 b6 21. Qe3 Qd8 22. Bh3 Rb7 23. Rc4 Bd7 24. Rfc1 f5 25. Bg2 Rb8 26. Rc6 Re8 27. Nxb6 Ng7 28. Rc7 Be6 29. a5 Rf8 30. Bd5 Rf6 31. Rc8 1-0

[Event "Ceske Budejovice op"]
[Site "Ceske Budejovice"]
[Date "2021.07.05"]
[Round "5"]
[White "Paulus, Vaclav"]
[Black "Dvorak, Milan"]
[Result "1-0"]
[WhiteElo "2060"]
[BlackElo "1841"]
[PlyCount "53"]
[EventDate "2021.07.01"]
[EventType "swiss"]
[EventRounds "9"]
[EventCountry "CZE"]
[SourceTitle "CBM 203 Extra"]
[Source "ChessBase"]
[SourceDate "2021.09.30"]
[SourceVersion "1"]
[SourceVersionDate "2021.09.30"]
[SourceQuality "1"]

1. e4 g6 2. d4 Bg7 3. Nc3 c6 4. f4 d6 5. Nf3 Nf6 6. Be3 Qc7 7. Qd2 Ng4 8. Bg1 Nf6 9. 0-0-0 b5 10. e5 Nh5 11. Re1 d5 12. Be3 Bf8 13. Rg1 e6 14. g4 Ng7 15. Bd3 a5 16. f5 exf5 17. Bxb5 fxg4 18. Nxd5 Qb7 19. Nf6+ Ke7 20. d5 Qxb5 21. Nd4 Qc4 22. b3 Qa6 23. Nxc6+ Nxc6 24. Bc5+ Kd8 25. dxc6+ Kc7 26. Bd6+ Kxc6 27. Qd5+ 1-0

[Event "Ceske Budejovice op"]
[Site "Ceske Budejovice"]
[Date "2021.07.04"]
[Round "4"]
[White "Velicka, Petr"]
[Black "Paulus, Vaclav"]
[Result "1-0"]
[WhiteElo "2408"]
[BlackElo "2060"]
[PlyCount "67"]
[EventDate "2021.07.01"]
[EventType "swiss"]
[EventRounds "9"]
[EventCountry "CZE"]
[SourceTitle "CBM 203 Extra"]
[Source "ChessBase"]
[SourceDate "2021.09.30"]
[SourceVersion "1"]
[SourceVersionDate "2021.09.30"]
[SourceQuality "1"]

1. Nf3 Nf6 2. c4 g6 3. Nc3 Bg7 4. e4 d6 5. d4 0-0 6. Be2 e5 7. 0-0 exd4 8. Nxd4 Re8 9. f3 c6 10. Kh1 Nbd7 11. Bf4 Nh5 12. Be3 f5 13. Qd2 f4 14. Bf2 Be5 15. Rfd1 Ng3+ 16. Kg1 Qh4 17. Bf1 Nf6 18. Nde2 Nfh5 19. Nc1 Be6 20. Nd3 Nxf1 21. Rxf1 Ng3 22. Nxe5 dxe5 23. Qe1 Bxc4 24. hxg3 Qf6 25. Ne2 g5 26. Qd2 Re7 27. Rfc1 Ba6 28. Rc2 Rg7 29. Rd1 g4 30. Qd6 Qxd6 31. Rxd6 gxf3 32. gxf3 Bxe2 33. Rxe2 fxg3 34. Be1 1-0

[Event "CZE-ch Betsys Online Blitz"]
[Site "Chess.com INT"]
[Date "2021.04.17"]
[Round "8"]
[White "Hrazdira, Matyas Josef"]
[Black "Paulus, Vaclav"]
[Result "0-1"]
[WhiteElo "1679"]
[BlackElo "2060"]
[PlyCount "110"]
[EventDate "2021.04.17"]
[EventType "swiss (blitz)"]
[EventRounds "13"]
[EventCountry "CZE"]
[SourceTitle "CBM 201 Extra"]
[Source "ChessBase"]
[SourceDate "2021.05.31"]
[SourceVersion "1"]
[SourceVersionDate "2021.05.31"]
[SourceQuality "1"]

1. e4 c5 2. Nf3 Nc6 3. c3 d5 4. exd5 Qxd5 5. d4 Nf6 6. Be2 e6 7. 0-0 Be7 8. Bf4 cxd4 9. cxd4 0-0 10. Nc3 Qf5 11. Bg3 Rd8 12. Qa4 Ne4 13. Bb5 Nxg3 14. hxg3 Bd7 15. Rad1 a6 16. Bd3 Qh5 17. Qb3 b5 18. d5 Ne5 19. Nxe5 Qxe5 20. Qc2 h6 21. Rfe1 Qc7 22. Qe2 b4 23. dxe6 Bxe6 24. Ne4 Rac8 25. b3 a5 26. Nd2 Qd7 27. Nc4 Qa7 28. Qe4 g6 29. Qe2 Rd5 30. Bxg6 Rxd1 31. Rxd1 Kg7 32. Bd3 Bf6 33. Re1 Rd8 34. Qe4 Qd4 35. Qh7+ Kf8 36. Be4 Qc3 37. Rf1 Ke7 38. Qxh6 Rd4 39. Qe3 Qxe3 40. Nxe3 Rxe4 41. Rd1 Bd4 42. Nc4 Bxc4 43. bxc4 Bc3 44. c5 Rc4 45. Rd5 a4 46. Kh2 a3 47. c6 Rxc6 48. Rb5 Rc4 49. f3 Rd4 50. g4 Rd2 51. Kg3 Rxa2 52. Rd5 Rd2 53. Rc5 a2 54. Ra5 a1Q 55. Rxa1 Bxa1 0-1

[Event "CZE-ch Betsys Online Blitz"]
[Site "Chess.com INT"]
[Date "2021.04.17"]
[Round "2"]
[White "Paulus, Vaclav"]
[Black "Krajina, Ales"]
[Result "0-1"]
[WhiteElo "2060"]
[BlackElo "2155"]
[PlyCount "92"]
[EventDate "2021.04.17"]
[EventType "swiss (blitz)"]
[EventRounds "13"]
[EventCountry "CZE"]
[SourceTitle "CBM 201 Extra"]
[Source "ChessBase"]
[SourceDate "2021.05.31"]
[SourceVersion "1"]
[SourceVersionDate "2021.05.31"]
[SourceQuality "1"]

1. e4 Nf6 2. e5 Ng8 3. Nf3 d5 4. d4 Bg4 5. Be2 e6 6. 0-0 c5 7. c3 Nc6 8. h3 Bxf3 9. Bxf3 cxd4 10. cxd4 Qb6 11. Be3 Qxb2 12. Nd2 Bb4 13. Nb3 Qa3 14. Qe2 Nge7 15. g4 a6 16. Kh2 h5 17. gxh5 Rc8 18. Bg4 Qa4 19. f4 Qb5 20. Qf2 Nf5 21. Bxf5 exf5 22. Rg1 Bf8 23. Rae1 Rxh5 24. Bc1 g6 25. e6 fxe6 26. Rxe6+ Ne7 27. Ba3 Qd3 28. Re3 Qc2 29. Re2 Qc6 30. Rg3 Kf7 31. Bxe7 Bxe7 32. Rge3 Bf6 33. Qg2 Rch8 34. Nc5 b6 35. Ne6 Re8 36. Ng5+ Bxg5 37. fxg5 Rxe3 38. Rxe3 Qc7+ 39. Re5 Qd6 40. Qe2 Qa3 41. Re3 Qb4 42. Re8 Qd6+ 43. Re5 Rxg5 44. h4 Rg4 45. Kh3 Rxd4 46. Re6 Qxe6 0-1

[Event "CZE-ch Betsys Online Blitz"]
[Site "Chess.com INT"]
[Date "2021.04.17"]
[Round "9"]
[White "Paulus, Vaclav"]
[Black "Slaby, Matej"]
[Result "1/2-1/2"]
[WhiteElo "2060"]
[BlackElo "1345"]
[PlyCount "182"]
[EventDate "2021.04.17"]
[EventType "swiss (blitz)"]
[EventRounds "13"]
[EventCountry "CZE"]
[SourceTitle "CBM 201 Extra"]
[Source "ChessBase"]
[SourceDate "2021.05.31"]
[SourceVersion "1"]
[SourceVersionDate "2021.05.31"]
[SourceQuality "1"]

1. e4 d6 2. Nf3 Bg4 3. h3 Bxf3 4. Qxf3 e5 5. c3 Nf6 6. Bc4 c5 7. d3 Nc6 8. a4 a5 9. 0-0 Be7 10. Na3 0-0 11. Qe2 Qd7 12. Nb5 Rac8 13. f4 exf4 14. Bxf4 Rfe8 15. Rf2 Bf8 16. Qf3 Ne5 17. Bxe5 dxe5 18. g4 h6 19. Raf1 Re7 20. Rg2 Nh7 21. h4 Rc6 22. g5 Rg6 23. gxh6 Rxh6 24. h5 Nf6 25. Rg5 Kh8 26. Rf2 Qc6 27. Rfg2 Nh7 28. R5g3 Qf6 29. Qe2 Qh4 30. Qf3 Qxh5 31. Qxh5 Rxh5 32. Nd6 Rh6 33. Nxf7+ Rxf7 34. Bxf7 Be7 35. Bc4 Bf6 36. Rg6 Rxg6 37. Rxg6 Ng5 38. Bb5 Kh7 39. Be8 Nh3+ 40. Kg2 Nf4+ 41. Kf3 Nxg6 42. Kg4 Nf8 43. Kf5 Kh8 44. c4 Nh7 45. Ke6 Kg8 46. Kd7 Kf8 47. Bg6 Ng5 48. Kc7 Nh3 49. Kxb7 Nf4 50. Bf5 Nxd3 51. b3 Nb2 52. Kb6 Kf7 53. Kxc5 g6 54. Bc8 Be7+ 55. Kb5 Nd3 56. c5 Bxc5 57. Kxa5 Bb4+ 58. Kb5 Bd2 59. Kc4 Nf2 60. Bh3 Ba5 61. Bd7 Nxe4 62. Bc6 Nd6+ 63. Kd5 Nf5 64. Kxe5 Bc7+ 65. Ke4 Kf6 66. Kd3 Nd6 67. b4 g5 68. b5 Ba5 69. Bh1 Nc8 70. Kd4 Nb6 71. Kc5 Nxa4+ 72. Kc6 Bb6 73. Kd5 Ba5 74. Kc4 Nc3 75. b6 Bxb6 76. Kxc3 Kf5 77. Kd3 Kf4 78. Ke2 g4 79. Kf1 g3 80. Bg2 Bf2 81. Bd5 Kg4 82. Bg2 Kg5 83. Bd5 Kf6 84. Bg2 Ke7 85. Bf3 Kd6 86. Kg2 Ke5 87. Be2 Kd6 88. Bf1 Ke7 89. Be2 Kd6 90. Bf3 Ke5 91. Be2 Kd6 1/2-1/2

[Event "CZE-ch rapid U20"]
[Site "Ceska Trebova"]
[Date "2020.09.20"]
[Round "8"]
[White "Paulus, Vaclav"]
[Black "Horak, Vojtech"]
[Result "1/2-1/2"]
[WhiteElo "1898"]
[BlackElo "1595"]
[PlyCount "116"]
[EventDate "2020.09.19"]
[EventType "swiss (rapid)"]
[EventRounds "9"]
[EventCountry "CZE"]
[SourceTitle "CBM 198 Extra"]
[Source "ChessBase"]
[SourceDate "2020.11.30"]
[SourceVersion "1"]
[SourceVersionDate "2020.11.30"]
[SourceQuality "1"]

1. e4 e5 2. Nf3 Nc6 3. Bb5 Nf6 4. 0-0 Be7 5. Re1 d6 6. c3 0-0 7. h3 Bd7 8. Ba4 Re8 9. d3 h6 10. Nbd2 Bf8 11. Bb3 Be6 12. Nc4 b5 13. Ne3 a5 14. d4 exd4 15. cxd4 Bxb3 16. Qxb3 Rxe4 17. d5 Nd4 18. Nxd4 Rxd4 19. Qxb5 Qe8 20. Qb3 Rxd5 21. Kf1 Qb5+ 22. Qxb5 Rxb5 23. Rb1 Rab8 24. Bd2 Ne4 25. Red1 Rxb2 26. Rxb2 Rxb2 27. Bxa5 Rxf2+ 28. Kg1 Rxa2 29. Bxc7 Rd2 30. Rxd2 Nxd2 31. Kf2 f6 32. Ke2 Ne4 33. Kd3 Nc5+ 34. Kc4 Ne6 35. Bb8 Nd8 36. Kd5 Nf7 37. Nf5 g6 38. Nd4 Kg7 39. Ne6+ Kg8 40. h4 Be7 41. Kc6 Nd8+ 42. Nxd8 Bxd8 43. Kxd6 Kf7 44. Kd7 Ba5 45. g4 h5 46. gxh5 gxh5 47. Bg3 Kg6 48. Ke6 Bc3 49. Bf2 Be5 50. Be1 Bh2 51. Bf2 f5 52. Kd5 Kf7 53. Kd4 Ke6 54. Ke3 Ke5 55. Kf3 f4 56. Bb6 Kf5 57. Bc7 Bg3 58. Bxf4 Bxf4 1/2-1/2

[Event "CZE-ch rapid U20"]
[Site "Ceska Trebova"]
[Date "2020.09.19"]
[Round "2"]
[White "Paulus, Vaclav"]
[Black "Tvaroh, Vitezslav"]
[Result "1-0"]
[WhiteElo "1898"]
[BlackElo "1314"]
[PlyCount "41"]
[EventDate "2020.09.19"]
[EventType "swiss (rapid)"]
[EventRounds "9"]
[EventCountry "CZE"]
[SourceTitle "CBM 198 Extra"]
[Source "ChessBase"]
[SourceDate "2020.11.30"]
[SourceVersion "1"]
[SourceVersionDate "2020.11.30"]
[SourceQuality "1"]

1. e4 e6 2. d4 d5 3. Bd3 c5 4. exd5 Qxd5 5. Nc3 Qd8 6. Nf3 cxd4 7. Nxd4 Bc5 8. Nb3 Bb4 9. 0-0 Nf6 10. Qf3 Nc6 11. Bf4 a6 12. Rad1 Bd7 13. Rfe1 0-0 14. a3 Bxc3 15. bxc3 Nd5 16. Bd6 Re8 17. c4 Nf6 18. Nc5 Nd4 19. Bxh7+ Kxh7 20. Rxd4 Bc6 21. Rh4+ 1-0